| 000 | 00932nam a2200217Ia 4500 | ||
|---|---|---|---|
| 001 | 17545 | ||
| 005 | 20260413160844.0 | ||
| 008 | 260306s9999||||xx |||||||||||||| ||und|| | ||
| 041 | _aESP | ||
| 082 |
_a658.022 _bC235 Nº 6 |
||
| 100 |
_aCentro Regional de Ayuda Técnica _eAUT |
||
| 245 | 0 | _aDirección del personal para la capacitación de buenos empleados | |
| 260 | _c1971 | ||
| 300 |
_apáginas : 243 - 303 _c27 cm. |
||
| 650 | _aGEN | ||
| 654 | _aCAN | ||
| 856 |
_uhttps://itmsp.museknowledge.com/UCSP?url=https://www.ebooks7-24.com:443/?il=10376&pg=1 _zVéase además: Capacitando al personal. Versión digital |
||
| 856 |
_uhttps://0u213w8tk-y-https-ebooks7--24-com.itmsp.museknowledge.com/biblioteca.aspx _zVéase además: Base de datos Ebook7-24 |
||
| 856 |
_uhttps://0u20fw8tm-y-https-research-ebsco-com.itmsp.museknowledge.com/c/qxo6us/search _zVéase además: Base de datos EBSCOhost |
||
| 942 |
_cLIB _dJUS _fJUS _2ddc |
||
| 999 |
_c17545 _d17545 |
||